[Event "Aarhus international"]
[Site "Aarhus"]
[Date "1992.??.??"]
[Round "2"]
[White "Alkaersig, Ole"]
[Black "Feher, Gyula"]
[Result "1/2-1/2"]
[WhiteElo "2260"]
[BlackElo "2405"]
[PlyCount "103"]
[EventDate "1992.??.??"]
[EventType "tourn"]
[EventRounds "9"]
[EventCountry "DEN"]
[EventCategory "3"]
[SourceTitle "EXT 1998"]
[Source "ChessBase"]
[SourceDate "1997.11.17"]

1. e4 c5 2. g3 Nc6 3. Bg2 g6 4. Nc3 Bg7 5. d3 d6 6. f4 e6 7. Nf3 Nge7 8. O-O
O-O 9. Be3 Nd4 10. e5 Bd7 11. Ne4 Nef5 12. Bf2 Bc6 13. g4 Nxf3+ 14. Bxf3 Nd4
15. Bxd4 Bxe4 16. Bxe4 cxd4 17. exd6 Qxd6 18. f5 Bh6 19. Kh1 Rac8 20. Rf2 Be3
21. Rg2 Qf4 22. Qe2 b6 23. Rf1 Rxc2 24. Qd1 Rc1 25. Qxc1 Bxc1 26. Rxf4 Bxf4 27.
Rc2 Kg7 28. Kg2 Kf6 29. Kf3 Bd6 30. fxe6 Kxe6 31. h3 h5 32. a4 hxg4+ 33. hxg4
f5 34. gxf5+ gxf5 35. Bb7 Rh8 36. Re2+ Kf6 37. Ba6 Rh3+ 38. Kg2 Rh7 39. Bc4 Be5
40. b3 f4 41. Ba6 Ke6 42. Kf3 Rh3+ 43. Ke4 Rg3 44. Bb5 Kd6 45. Ba6 Rh3 46. Bb5
Rh1 47. Kf3 Ke6 48. Ba6 Kf6 49. Bb5 Rb1 50. Bc4 Rg1 51. Ba6 Rg7 52. Ke4 1/2-1/2

[Event "Aarhus international"]
[Site "Aarhus"]
[Date "1992.??.??"]
[Round "4"]
[White "Alkaersig, Ole"]
[Black "Berg, Klaus"]
[Result "1/2-1/2"]
[WhiteElo "2260"]
[BlackElo "2385"]
[PlyCount "95"]
[EventDate "1992.??.??"]
[EventType "tourn"]
[EventRounds "9"]
[EventCountry "DEN"]
[EventCategory "3"]
[SourceTitle "EXT 1998"]
[Source "ChessBase"]
[SourceDate "1997.11.17"]

1. e4 c6 2. d4 d5 3. exd5 cxd5 4. c4 Nf6 5. Nc3 g6 6. Qb3 Bg7 7. cxd5 Nbd7 8.
Be2 Nb6 9. Bf3 O-O 10. Bg5 a5 11. a4 Qd6 12. Bxf6 exf6 13. Nge2 Qb4 14. Qd1 Nc4
15. b3 Nd6 16. O-O f5 17. Na2 Qb6 18. Rb1 Bd7 19. Qd2 Ne4 20. Qd3 Ng5 21. Rfd1
Rac8 22. Nac3 Qb4 23. Na2 Qd6 24. Nac3 Rfd8 25. g3 Nxf3+ 26. Qxf3 Qb4 27. Rbc1
Qxb3 28. Rb1 Qa3 29. Rxb7 Bxa4 30. Rdb1 Bc2 31. Rc1 Bb3 32. Qf4 a4 33. Rc7 Rxc7
34. Qxc7 Qd6 35. Qa7 Re8 36. Nf4 Qb4 37. Qc5 Qxc5 38. dxc5 a3 39. Nce2 a2 40.
c6 Bxd5 41. Nxd5 Bb2 42. Nec3 Bxc1 43. Nxa2 Bg5 44. c7 Rc8 45. h4 Bd8 46.
cxd8=Q+ Rxd8 47. Nac3 Kg7 48. Kg2 1/2-1/2

[Event "Aarhus international"]
[Site "Aarhus"]
[Date "1992.??.??"]
[Round "6"]
[White "Alkaersig, Ole"]
[Black "Kristensen, Leif Sogaard"]
[Result "0-1"]
[WhiteElo "2260"]
[BlackElo "2275"]
[PlyCount "68"]
[EventDate "1992.??.??"]
[EventType "tourn"]
[EventRounds "9"]
[EventCountry "DEN"]
[EventCategory "3"]
[SourceTitle "EXT 1998"]
[Source "ChessBase"]
[SourceDate "1997.11.17"]

1. e4 d5 2. exd5 Qxd5 3. Nc3 Qa5 4. d4 Nf6 5. Nf3 Nc6 6. Bb5 Bd7 7. O-O O-O-O
8. Qe2 a6 9. Bxc6 Bxc6 10. Ne5 Be8 11. Rd1 e6 12. a3 Nd5 13. Nxd5 exd5 14. Bf4
f6 15. Nd3 Qb6 16. c3 h5 17. Re1 g5 18. Bd2 Bg6 19. Nc5 Bxc5 20. dxc5 Qxb2 21.
Qe6+ Kb8 22. Qxf6 Qxd2 23. Qxg6 Rhf8 24. Rf1 Qxc3 25. Qxg5 Qxc5 26. Qxh5 Qd6
27. Qe2 d4 28. Qd3 Rh8 29. g3 Qd5 30. f4 c5 31. Rfc1 Rxh2 32. Kxh2 Rh8+ 33. Kg1
Qh1+ 34. Kf2 Rh2# 0-1

[Event "Aarhus international"]
[Site "Aarhus"]
[Date "1992.??.??"]
[Round "5"]
[White "Berg, Klaus"]
[Black "Kristensen, Leif Sogaard"]
[Result "1/2-1/2"]
[WhiteElo "2385"]
[BlackElo "2275"]
[PlyCount "38"]
[EventDate "1992.??.??"]
[EventType "tourn"]
[EventRounds "9"]
[EventCountry "DEN"]
[EventCategory "3"]
[SourceTitle "EXT 1998"]
[Source "ChessBase"]
[SourceDate "1997.11.17"]

1. e4 d5 2. exd5 Qxd5 3. Nc3 Qa5 4. Bc4 Nf6 5. Nge2 c6 6. d3 Bf5 7. O-O e6 8.
Bd2 Qc7 9. Ng3 Bg6 10. Nce4 Nbd7 11. f4 O-O-O 12. Nxf6 Nxf6 13. f5 exf5 14.
Nxf5 Qe5 15. Qf3 Ne4 16. Be3 Nd6 17. Nxd6+ Bxd6 18. Qh3+ Kb8 19. c3 f6 1/2-1/2

[Event "Aarhus international"]
[Site "Aarhus"]
[Date "1992.??.??"]
[Round "7"]
[White "Berg, Klaus"]
[Black "Burgess, Graham"]
[Result "1-0"]
[WhiteElo "2385"]
[BlackElo "2270"]
[PlyCount "83"]
[EventDate "1992.??.??"]
[EventType "tourn"]
[EventRounds "9"]
[EventCountry "DEN"]
[EventCategory "3"]
[SourceTitle "EXT 1998"]
[Source "ChessBase"]
[SourceDate "1997.11.17"]

1. c4 g6 2. d4 Nf6 3. Nc3 Bg7 4. e4 d6 5. f3 O-O 6. Be3 c5 7. Nge2 Nc6 8. Qd2
e6 9. d5 Ne5 10. Ng3 exd5 11. cxd5 h5 12. Be2 a6 13. O-O Nh7 14. f4 Ng4 15.
Bxg4 Bxg4 16. h3 Bd7 17. e5 dxe5 18. Bxc5 Re8 19. f5 Qg5 20. Qf2 Qf4 21. Qe1
Qc4 22. Qe3 e4 23. Rad1 h4 24. fxg6 fxg6 25. Nge2 Rac8 26. Bd4 b5 27. Bxg7 Kxg7
28. Rd4 Qc5 29. b4 Qd6 30. Rxe4 Rxe4 31. Qxe4 Rc4 32. Qf3 Bf5 33. a3 Ng5 34.
Qe3 Ne4 35. Nxe4 Rxe4 36. Qa7+ Re7 37. Qd4+ Kg8 38. Nf4 Re4 39. Qc5 Qe5 40. Qf2
Rc4 41. Qxh4 Qe3+ 42. Kh2 1-0

[Event "Aarhus international"]
[Site "Aarhus"]
[Date "1992.??.??"]
[Round "2"]
[White "Berg, Klaus"]
[Black "Orso, Miklos"]
[Result "1/2-1/2"]
[WhiteElo "2385"]
[BlackElo "2380"]
[PlyCount "100"]
[EventDate "1992.??.??"]
[EventType "tourn"]
[EventRounds "9"]
[EventCountry "DEN"]
[EventCategory "3"]
[SourceTitle "EXT 1998"]
[Source "ChessBase"]
[SourceDate "1997.11.17"]

1. d4 Nf6 2. Nf3 e6 3. e3 b6 4. Bd3 Bb7 5. O-O d6 6. c4 Nbd7 7. Nc3 Be7 8. e4
e5 9. d5 Nc5 10. Bc2 a5 11. a3 O-O 12. Rb1 c6 13. b4 axb4 14. axb4 Ncd7 15. Be3
cxd5 16. Nxd5 Nxd5 17. cxd5 Ba6 18. Bd3 Qb8 19. Bxa6 Rxa6 20. Qd3 b5 21. Ra1
Qb7 22. Rxa6 Qxa6 23. Rc1 Nf6 24. h3 Qa4 25. Rc7 Bd8 26. Rb7 Qxb4 27. Nd2 Qa4
28. Qxb5 Qd1+ 29. Kh2 Qh5 30. f3 Qg6 31. Nf1 Nh5 32. Qd7 Nf4 33. Qg4 Qf6 34. g3
h5 35. Qd7 Ng6 36. Kg2 h4 37. g4 Nf4+ 38. Kh2 Nxh3 39. Qf5 Nf4 40. Rd7 Qh6 41.
Bxf4 exf4 42. Kh3 Bg5 43. e5 dxe5 44. d6 Qe6 45. Qxe6 fxe6 46. Nd2 Rd8 47. Rb7
Kh7 48. Ne4 Kg6 49. Rb6 Bf6 50. Rc6 Ra8 1/2-1/2

[Event "Aarhus international"]
[Site "Aarhus"]
[Date "1992.??.??"]
[Round "9"]
[White "Berg, Klaus"]
[Black "Kroll, Ove"]
[Result "1/2-1/2"]
[WhiteElo "2385"]
[BlackElo "2330"]
[PlyCount "94"]
[EventDate "1992.??.??"]
[EventType "tourn"]
[EventRounds "9"]
[EventCountry "DEN"]
[EventCategory "3"]
[SourceTitle "EXT 1998"]
[Source "ChessBase"]
[SourceDate "1997.11.17"]

1. d4 e6 2. Nf3 Nf6 3. e3 b6 4. Bd3 Bb7 5. O-O Be7 6. c4 O-O 7. Nc3 d5 8. b3
Nbd7 9. Bb2 c5 10. cxd5 exd5 11. Qe2 Rc8 12. Rfd1 Qc7 13. Rac1 Rfd8 14. Bf5 Qb8
15. Ne5 cxd4 16. Nxd7 Nxd7 17. Rxd4 Bf6 18. Rdd1 Qe5 19. Qg4 Qe7 20. Bxd7 Qxd7
21. Qxd7 Rxd7 22. Nxd5 Rxc1 23. Nxf6+ gxf6 24. Rxc1 Kg7 25. Bd4 Kg6 26. f3 f5
27. Rc4 f4 28. exf4 b5 29. Rb4 Bc6 30. Be3 a5 31. Rd4 Rxd4 32. Bxd4 Bd5 33. Kf2
a4 34. bxa4 bxa4 35. a3 f5 36. Be5 Bc4 37. g4 h5 38. h3 Bb3 39. Ke2 Bc4+ 40.
Kf2 Bb3 41. Bc7 Bc4 42. Bd8 Bb3 43. Kg3 Bd1 44. Bg5 Be2 45. Kf2 Bc4 46. Ke3 Bd5
47. Bd8 Bc6 1/2-1/2

[Event "Aarhus international"]
[Site "Aarhus"]
[Date "1992.??.??"]
[Round "4"]
[White "Burgess, Graham"]
[Black "Sobjerg, Erik"]
[Result "1-0"]
[WhiteElo "2270"]
[BlackElo "2320"]
[PlyCount "95"]
[EventDate "1992.??.??"]
[EventType "tourn"]
[EventRounds "9"]
[EventCountry "DEN"]
[EventCategory "3"]
[SourceTitle "EXT 1998"]
[Source "ChessBase"]
[SourceDate "1997.11.17"]

1. d4 Nf6 2. Nf3 c5 3. d5 e6 4. c4 b5 5. dxe6 fxe6 6. cxb5 Bb7 7. Nc3 Be7 8.
Bg5 O-O 9. e3 d5 10. Bd3 Nbd7 11. O-O Qc7 12. Bf4 e5 13. Bg3 Bd6 14. Ng5 Rfe8
15. Bf5 Nf8 16. f4 e4 17. Bh4 h6 18. Ne6 Qf7 19. Nxf8 Bxf8 20. g4 g6 21. Bxf6
Qxf6 22. Bd7 Red8 23. g5 Qd6 24. Bh3 Kh8 25. Qg4 h5 26. Qh4 Bg7 27. f5 Bc8 28.
f6 Bf8 29. Bxc8 Raxc8 30. Rad1 Qe6 31. Ne2 Bd6 32. Nf4 Bxf4 33. Rxf4 Kg8 34.
Qf2 Kf7 35. Qc2 d4 36. Qxe4 dxe3 37. Qxe6+ Kxe6 38. Re1 Rd3 39. Re4+ Kf7 40.
R4xe3 Rcd8 41. Re7+ Kf8 42. Rh7 Kg8 43. Rg7+ Kf8 44. Rxa7 R3d4 45. h3 Rd3 46.
b6 h4 47. b7 Rg3+ 48. Kf2 1-0

[Event "Aarhus international"]
[Site "Aarhus"]
[Date "1992.??.??"]
[Round "1"]
[White "Burgess, Graham"]
[Black "Alkaersig, Ole"]
[Result "1-0"]
[WhiteElo "2270"]
[BlackElo "2260"]
[PlyCount "63"]
[EventDate "1992.??.??"]
[EventType "tourn"]
[EventRounds "9"]
[EventCountry "DEN"]
[EventCategory "3"]
[SourceTitle "EXT 1998"]
[Source "ChessBase"]
[SourceDate "1997.11.17"]

1. d4 f5 2. Bg5 h6 3. Bf4 Nf6 4. Nc3 d5 5. e3 e6 6. Bd3 Bb4 7. Nge2 O-O 8. O-O
g5 9. Be5 Nbd7 10. f4 Rf7 11. h3 c5 12. g4 c4 13. gxf5 Nxe5 14. dxe5 Qb6 15.
Nd4 Bxc3 16. bxc3 cxd3 17. fxe6 Bxe6 18. f5 Ne4 19. fxe6 Rxf1+ 20. Qxf1 Rf8 21.
Qxd3 Qc7 22. Rf1 Rxf1+ 23. Qxf1 Qxe5 24. Qf7+ Kh8 25. Nf5 Qxc3 26. Qf8+ Kh7 27.
Qxh6+ Kg8 28. Qg6+ Kh8 29. Qe8+ Kh7 30. Qf7+ Kh8 31. Qh5+ Kg8 32. Ne7+ 1-0

[Event "Aarhus international"]
[Site "Aarhus"]
[Date "1992.??.??"]
[Round "2"]
[White "Burgess, Graham"]
[Black "Jelling, Erik"]
[Result "1/2-1/2"]
[WhiteElo "2270"]
[BlackElo "2400"]
[PlyCount "27"]
[EventDate "1992.??.??"]
[EventType "tourn"]
[EventRounds "9"]
[EventCountry "DEN"]
[EventCategory "3"]
[SourceTitle "EXT 1998"]
[Source "ChessBase"]
[SourceDate "1997.11.17"]

1. d4 d5 2. Nf3 c6 3. Bg5 Qb6 4. e3 Qxb2 5. Nbd2 Nd7 6. Bd3 Ngf6 7. O-O e6 8.
Re1 Be7 9. e4 dxe4 10. Nc4 Qb4 11. Bd2 Qa4 12. Nb2 Qa3 13. Nc4 Qa4 14. Nb2
1/2-1/2

[Event "Aarhus international"]
[Site "Aarhus"]
[Date "1992.??.??"]
[Round "6"]
[White "Burgess, Graham"]
[Black "Feher, Gyula"]
[Result "1-0"]
[WhiteElo "2270"]
[BlackElo "2405"]
[PlyCount "85"]
[EventDate "1992.??.??"]
[EventType "tourn"]
[EventRounds "9"]
[EventCountry "DEN"]
[EventCategory "3"]
[SourceTitle "EXT 1998"]
[Source "ChessBase"]
[SourceDate "1997.11.17"]

1. d4 d5 2. Nf3 Nf6 3. c4 c6 4. Nc3 e6 5. Bg5 dxc4 6. e4 b5 7. e5 h6 8. Bh4 g5
9. Bg3 Nd5 10. h4 g4 11. Nd2 Qa5 12. Qc2 Bb7 13. Be2 c5 14. dxc5 Nd7 15. O-O
Nxc3 16. bxc3 Nxc5 17. Bxg4 O-O-O 18. a4 Nxa4 19. Nxc4 bxc4 20. Rxa4 Qc7 21.
Rxa7 Bc5 22. Rxb7 Qxb7 23. Bf3 Qa6 24. Kh2 Rd3 25. Be2 Kc7 26. Bxd3 cxd3 27.
Qd2 Qc4 28. Rd1 Rd8 29. Qxh6 Qxc3 30. Qf4 Rd7 31. h5 Qb4 32. Qxb4 Bxb4 33. h6
Rd8 34. Bf4 Kc6 35. Kg3 Kc5 36. Bg5 Rg8 37. Kf4 Kc4 38. Bf6 Rxg2 39. h7 Rxf2+
40. Ke3 Rh2 41. h8=Q Rxh8 42. Bxh8 Bc5+ 43. Ke4 1-0

[Event "Aarhus international"]
[Site "Aarhus"]
[Date "1992.??.??"]
[Round "8"]
[White "Burgess, Graham"]
[Black "Kristensen, Leif Sogaard"]
[Result "0-1"]
[WhiteElo "2270"]
[BlackElo "2275"]
[PlyCount "58"]
[EventDate "1992.??.??"]
[EventType "tourn"]
[EventRounds "9"]
[EventCountry "DEN"]
[EventCategory "3"]
[SourceTitle "EXT 1998"]
[Source "ChessBase"]
[SourceDate "1997.11.17"]

1. d4 d6 2. Nf3 Bg4 3. e4 Nd7 4. Be2 g6 5. Nbd2 Bg7 6. h3 Bxf3 7. Nxf3 e5 8.
dxe5 dxe5 9. Bg5 f6 10. Be3 Bh6 11. Bxh6 Nxh6 12. Qd3 Qe7 13. O-O-O Nf7 14. Nd2
O-O-O 15. Bg4 Kb8 16. Bxd7 Rxd7 17. Qe2 Rhd8 18. Nc4 Ng5 19. c3 Ne6 20. g3 Nc5
21. b4 Nd3+ 22. Kb1 Nxf2 23. Rxd7 Qxd7 24. Rf1 Nd1 25. Rf3 Qc6 26. Rd3 Rxd3 27.
Qxd3 Qxe4 28. Kc2 Qxd3+ 29. Kxd3 Nf2+ 0-1

[Event "Aarhus international"]
[Site "Aarhus"]
[Date "1992.??.??"]
[Round "7"]
[White "Feher, Gyula"]
[Black "Jelling, Erik"]
[Result "1-0"]
[WhiteElo "2405"]
[BlackElo "2400"]
[PlyCount "53"]
[EventDate "1992.??.??"]
[EventType "tourn"]
[EventRounds "9"]
[EventCountry "DEN"]
[EventCategory "3"]
[SourceTitle "EXT 1998"]
[Source "ChessBase"]
[SourceDate "1997.11.17"]

1. e4 c6 2. d4 d5 3. Nd2 dxe4 4. Nxe4 Bf5 5. Ng3 Bg6 6. Bc4 e6 7. N1e2 Nf6 8.
O-O Bd6 9. f4 Qc7 10. f5 exf5 11. Nxf5 Bxf5 12. Rxf5 Bxh2+ 13. Kh1 Bd6 14. Bh6
Rg8 15. Nf4 Qd7 16. Rxf6 gxf6 17. Qh5 Rg6 18. Nxg6 hxg6 19. Qh4 g5 20. Bxg5 Kd8
21. Bxf6+ Kc7 22. Rf1 Na6 23. Be5 f5 24. Bxd6+ Qxd6 25. Rxf5 b5 26. Bxb5 cxb5
27. Rf7+ 1-0

[Event "Aarhus international"]
[Site "Aarhus"]
[Date "1992.??.??"]
[Round "3"]
[White "Feher, Gyula"]
[Black "Berg, Klaus"]
[Result "1/2-1/2"]
[WhiteElo "2405"]
[BlackElo "2385"]
[PlyCount "56"]
[EventDate "1992.??.??"]
[EventType "tourn"]
[EventRounds "9"]
[EventCountry "DEN"]
[EventCategory "3"]
[SourceTitle "EXT 1998"]
[Source "ChessBase"]
[SourceDate "1997.11.17"]

1. c4 g6 2. g3 Bg7 3. Bg2 Nf6 4. Nf3 c6 5. d4 O-O 6. O-O d6 7. b3 a6 8. Bb2 b5
9. Nbd2 Nbd7 10. Qc2 bxc4 11. bxc4 Qc7 12. Rfc1 c5 13. d5 Nb6 14. Rab1 Bd7 15.
e4 Rfb8 16. Ba1 Ra7 17. Bf1 Rab7 18. h3 Ba4 19. Qd3 Nbd7 20. Rxb7 Qxb7 21. Rb1
Qc7 22. Re1 Ne8 23. Bxg7 Nxg7 24. Qc3 f6 25. Rc1 Qb6 26. Rb1 Qc7 27. Rc1 Qb6
28. Rb1 Qc7 1/2-1/2

[Event "Aarhus international"]
[Site "Aarhus"]
[Date "1992.??.??"]
[Round "9"]
[White "Feher, Gyula"]
[Black "Sobjerg, Erik"]
[Result "1/2-1/2"]
[WhiteElo "2405"]
[BlackElo "2320"]
[PlyCount "29"]
[EventDate "1992.??.??"]
[EventType "tourn"]
[EventRounds "9"]
[EventCountry "DEN"]
[EventCategory "3"]
[SourceTitle "EXT 1998"]
[Source "ChessBase"]
[SourceDate "1997.11.17"]

1. e4 e5 2. Nf3 Nc6 3. Bb5 f5 4. Nc3 fxe4 5. Nxe4 Nf6 6. Qe2 d5 7. Nxf6+ gxf6
8. d4 Bg7 9. dxe5 O-O 10. Bxc6 bxc6 11. e6 Re8 12. O-O c5 13. Qb5 Bf8 14. Bf4
Rxe6 15. Qa5 1/2-1/2

[Event "Aarhus international"]
[Site "Aarhus"]
[Date "1992.??.??"]
[Round "8"]
[White "Jelling, Erik"]
[Black "Berg, Klaus"]
[Result "1-0"]
[WhiteElo "2400"]
[BlackElo "2385"]
[PlyCount "85"]
[EventDate "1992.??.??"]
[EventType "tourn"]
[EventRounds "9"]
[EventCountry "DEN"]
[EventCategory "3"]
[SourceTitle "EXT 1998"]
[Source "ChessBase"]
[SourceDate "1997.11.17"]

1. d4 Nf6 2. Nf3 g6 3. g3 Bg7 4. Bg2 c5 5. O-O O-O 6. d5 d6 7. h3 b5 8. Re1 Bb7
9. e4 Nbd7 10. c4 bxc4 11. Nc3 Nb6 12. Bf4 Qd7 13. a4 a5 14. Qd2 Rfe8 15. g4
Rad8 16. Bg3 e6 17. e5 dxe5 18. Nxe5 Qe7 19. Nb5 Nfxd5 20. Qxa5 f6 21. Bxd5
Nxd5 22. Nxc4 e5 23. Ra3 Bh6 24. Nc3 Nb4 25. Rb3 Qf7 26. Ne4 Qxc4 27. Nxf6+ Kg7
28. Rc3 Qe6 29. Nxe8+ Rxe8 30. Qxc5 Nc6 31. b4 Bd2 32. Rce3 Bxe1 33. Rxe1 e4
34. b5 Nd8 35. a5 Nf7 36. a6 Bd5 37. Rd1 Ba8 38. b6 e3 39. fxe3 Qxe3+ 40. Qxe3
Rxe3 41. b7 Bxb7 42. axb7 Rb3 43. b8=Q 1-0

[Event "Aarhus international"]
[Site "Aarhus"]
[Date "1992.??.??"]
[Round "6"]
[White "Jelling, Erik"]
[Black "Orso, Miklos"]
[Result "1-0"]
[WhiteElo "2400"]
[BlackElo "2380"]
[PlyCount "87"]
[EventDate "1992.??.??"]
[EventType "tourn"]
[EventRounds "9"]
[EventCountry "DEN"]
[EventCategory "3"]
[SourceTitle "EXT 1998"]
[Source "ChessBase"]
[SourceDate "1997.11.17"]

1. d4 Nf6 2. c4 g6 3. Nf3 Bg7 4. g3 d5 5. cxd5 Nxd5 6. Bg2 Nc6 7. e4 Nb6 8. d5
Na5 9. O-O c6 10. Nc3 O-O 11. Bg5 Nac4 12. Qe2 Nxb2 13. Qxb2 Na4 14. Nxa4 Bxb2
15. Nxb2 f6 16. Bh6 Re8 17. dxc6 bxc6 18. Rfc1 Rb8 19. Na4 e5 20. Be3 Bg4 21.
Nc5 Qc8 22. a4 Bh3 23. a5 Bxg2 24. Kxg2 f5 25. a6 f4 26. Bd2 Rb5 27. Ra3 h6 28.
Nb7 Qd7 29. Rcc3 Rb1 30. Rd3 Qe7 31. Rac3 Rb6 32. Rc5 Rxa6 33. Rxe5 Qxe5 34.
Nxe5 Rxe5 35. Bxf4 Re7 36. Nc5 Ra2 37. Rd6 Rc2 38. Rxg6+ Kf7 39. Rxc6 Rxe4 40.
Kf3 Rec4 41. Be3 a5 42. Rxh6 Rxc5 43. Bxc5 Rxc5 44. Ra6 1-0

[Event "Aarhus international"]
[Site "Aarhus"]
[Date "1992.??.??"]
[Round "3"]
[White "Jelling, Erik"]
[Black "Alkaersig, Ole"]
[Result "1-0"]
[WhiteElo "2400"]
[BlackElo "2260"]
[PlyCount "99"]
[EventDate "1992.??.??"]
[EventType "tourn"]
[EventRounds "9"]
[EventCountry "DEN"]
[EventCategory "3"]
[SourceTitle "EXT 1998"]
[Source "ChessBase"]
[SourceDate "1997.11.17"]

1. d4 f5 2. Nf3 Nf6 3. g3 g6 4. Bg2 Bg7 5. O-O O-O 6. c4 d6 7. Nc3 Qe8 8. d5
Na6 9. Nd4 Bd7 10. e4 fxe4 11. Nxe4 Nxe4 12. Bxe4 c6 13. Bg2 Nc7 14. Ne2 c5 15.
a4 b6 16. h4 a6 17. Nf4 Kh8 18. Be4 Bf5 19. Re1 Qd7 20. Qe2 Bxe4 21. Qxe4 Bf6
22. Kg2 b5 23. axb5 axb5 24. Rxa8 Rxa8 25. Ne6 Rb8 26. Ng5 Qf5 27. b3 Kg7 28.
Qe2 bxc4 29. bxc4 h6 30. Ne4 Bd4 31. Qd2 g5 32. hxg5 hxg5 33. Qxg5+ Qxg5 34.
Bxg5 Kf7 35. f4 Ne8 36. Kf3 Bf6 37. Bxf6 Nxf6 38. Nxf6 Kxf6 39. Kg4 Rb4 40.
Re6+ Kf7 41. Re4 Kf6 42. Kh4 Rb1 43. g4 Rc1 44. g5+ Kf5 45. Rxe7 Kxf4 46. Rf7+
Ke5 47. g6 Rxc4+ 48. Kg5 Rc1 49. Rf5+ Ke4 50. Rf4+ 1-0

[Event "Aarhus international"]
[Site "Aarhus"]
[Date "1992.??.??"]
[Round "4"]
[White "Jelling, Erik"]
[Black "Kroll, Ove"]
[Result "1/2-1/2"]
[WhiteElo "2400"]
[BlackElo "2330"]
[PlyCount "64"]
[EventDate "1992.??.??"]
[EventType "tourn"]
[EventRounds "9"]
[EventCountry "DEN"]
[EventCategory "3"]
[SourceTitle "EXT 1998"]
[Source "ChessBase"]
[SourceDate "1997.11.17"]

1. d4 Nf6 2. c4 c5 3. d5 e5 4. Nc3 d6 5. e4 Nbd7 6. g4 h6 7. h4 Be7 8. Qf3 Nf8
9. Bh3 N6h7 10. h5 Bg5 11. Bxg5 Nxg5 12. Qg3 Nfh7 13. Bf1 a6 14. O-O-O O-O 15.
f3 Re8 16. Rh2 Bd7 17. Kb1 Qa5 18. Qe1 b5 19. Rc2 Re7 20. Qe3 Nf6 21. Rdc1 Rb8
22. Nce2 Ne8 23. Nh3 f6 24. Ng3 Nc7 25. Nxg5 fxg5 26. Bd3 Rf7 27. Nf5 Bxf5 28.
exf5 Ne8 29. Rc3 Nf6 30. Ra3 Qb6 31. Rb3 b4 32. Be4 a5 1/2-1/2

[Event "Aarhus international"]
[Site "Aarhus"]
[Date "1992.??.??"]
[Round "9"]
[White "Kristensen, Leif Sogaard"]
[Black "Jelling, Erik"]
[Result "1/2-1/2"]
[WhiteElo "2275"]
[BlackElo "2400"]
[PlyCount "32"]
[EventDate "1992.??.??"]
[EventType "tourn"]
[EventRounds "9"]
[EventCountry "DEN"]
[EventCategory "3"]
[SourceTitle "EXT 1998"]
[Source "ChessBase"]
[SourceDate "1997.11.17"]

1. e4 c5 2. c3 b6 3. d4 Nf6 4. e5 Ng8 5. Bc4 e6 6. Nf3 Bb7 7. O-O Qc7 8. Nbd2
f5 9. Qe2 Ne7 10. Re1 a6 11. dxc5 bxc5 12. Bb3 Nd5 13. Nc4 Be7 14. Ng5 O-O 15.
Qh5 h6 16. Nh3 Kh7 1/2-1/2

[Event "Aarhus international"]
[Site "Aarhus"]
[Date "1992.??.??"]
[Round "2"]
[White "Kristensen, Leif Sogaard"]
[Black "Sobjerg, Erik"]
[Result "1/2-1/2"]
[WhiteElo "2275"]
[BlackElo "2320"]
[PlyCount "20"]
[EventDate "1992.??.??"]
[EventType "tourn"]
[EventRounds "9"]
[EventCountry "DEN"]
[EventCategory "3"]
[SourceTitle "EXT 1998"]
[Source "ChessBase"]
[SourceDate "1997.11.17"]

1. e4 e5 2. Nc3 Nf6 3. g3 d5 4. exd5 Bc5 5. Bg2 c6 6. d3 cxd5 7. Nf3 Nc6 8. Bg5
Be6 9. O-O h6 10. Bc1 Bd6 1/2-1/2

[Event "Aarhus international"]
[Site "Aarhus"]
[Date "1992.??.??"]
[Round "4"]
[White "Kristensen, Leif Sogaard"]
[Black "Feher, Gyula"]
[Result "0-1"]
[WhiteElo "2275"]
[BlackElo "2405"]
[PlyCount "26"]
[EventDate "1992.??.??"]
[EventType "tourn"]
[EventRounds "9"]
[EventCountry "DEN"]
[EventCategory "3"]
[SourceTitle "EXT 1998"]
[Source "ChessBase"]
[SourceDate "1997.11.17"]

1. e4 c5 2. Nc3 Nc6 3. g3 g6 4. Bg2 Bg7 5. d3 d6 6. f4 e6 7. Nf3 Nge7 8. O-O
O-O 9. Be3 Nd4 10. e5 Bd7 11. Nxd4 cxd4 12. Bxd4 dxe5 13. Bxe5 Qb6+ 0-1

[Event "Aarhus international"]
[Site "Aarhus"]
[Date "1992.??.??"]
[Round "1"]
[White "Kroll, Ove"]
[Black "Kristensen, Leif Sogaard"]
[Result "0-1"]
[WhiteElo "2330"]
[BlackElo "2275"]
[PlyCount "44"]
[EventDate "1992.??.??"]
[EventType "tourn"]
[EventRounds "9"]
[EventCountry "DEN"]
[EventCategory "3"]
[SourceTitle "EXT 1998"]
[Source "ChessBase"]
[SourceDate "1997.11.17"]

1. c4 g6 2. Nc3 Bg7 3. d4 d6 4. e4 c6 5. Be3 Nf6 6. h3 O-O 7. Nf3 Nbd7 8. Qc2
e5 9. d5 cxd5 10. cxd5 a6 11. g4 b5 12. Nd2 Bb7 13. b4 Rc8 14. Qb3 Nb6 15. Rg1
Kh8 16. a4 bxa4 17. Nxa4 Nfd7 18. Nxb6 Nxb6 19. Bxb6 Qxb6 20. Nc4 Qd4 21. Rd1
Qxe4+ 22. Ne3 f5 0-1

[Event "Aarhus international"]
[Site "Aarhus"]
[Date "1992.??.??"]
[Round "8"]
[White "Kroll, Ove"]
[Black "Feher, Gyula"]
[Result "1/2-1/2"]
[WhiteElo "2330"]
[BlackElo "2405"]
[PlyCount "50"]
[EventDate "1992.??.??"]
[EventType "tourn"]
[EventRounds "9"]
[EventCountry "DEN"]
[EventCategory "3"]
[SourceTitle "EXT 1998"]
[Source "ChessBase"]
[SourceDate "1997.11.17"]

1. c4 g6 2. Nc3 c5 3. g3 Bg7 4. Bg2 Nc6 5. b3 d6 6. Bb2 Nf6 7. Nf3 e5 8. O-O
O-O 9. e3 Re8 10. d3 h6 11. Nd2 Be6 12. Nde4 Nxe4 13. Bxe4 Qd7 14. Qd2 Ne7 15.
Nd5 Nxd5 16. cxd5 Bh3 17. Rfe1 f5 18. Bh1 Re7 19. b4 Rf8 20. bxc5 dxc5 21. f4
Rfe8 22. fxe5 Bxe5 23. Bxe5 Rxe5 24. d4 cxd4 25. exd4 Rxe1+ 1/2-1/2

[Event "Aarhus international"]
[Site "Aarhus"]
[Date "1992.??.??"]
[Round "3"]
[White "Kroll, Ove"]
[Black "Burgess, Graham"]
[Result "1-0"]
[WhiteElo "2330"]
[BlackElo "2270"]
[PlyCount "67"]
[EventDate "1992.??.??"]
[EventType "tourn"]
[EventRounds "9"]
[EventCountry "DEN"]
[EventCategory "3"]
[SourceTitle "EXT 1998"]
[Source "ChessBase"]
[SourceDate "1997.11.17"]

1. c4 g6 2. Nc3 Bg7 3. d4 Nf6 4. e4 d6 5. Bg5 h6 6. Bh4 c5 7. d5 O-O 8. Bd3 e6
9. dxe6 Bxe6 10. f4 Qb6 11. Nge2 Bg4 12. h3 Bxe2 13. Qxe2 Nc6 14. O-O Nh5 15.
Rae1 Nd4 16. Qd2 Ne6 17. e5 Nhxf4 18. Rxf4 Nxf4 19. Qxf4 Qxb2 20. Nd5 dxe5 21.
Qg3 g5 22. Bxg5 hxg5 23. Qxg5 f6 24. Qg6 Rf7 25. Bf5 Qd2 26. Re3 Re8 27. Nxf6+
Kf8 28. Nh7+ Kg8 29. Rg3 e4 30. Ng5 Qxg5 31. Rxg5 e3 32. Be6 Rxe6 33. Qxe6 Kf8
34. Rxg7 1-0